<?xml version="1.0" encoding="UTF-8"?>
<record
    xmlns:xsi="http://www.w3.org/2001/XMLSchema-instance"
    xsi:schemaLocation="http://www.loc.gov/MARC21/slim http://www.loc.gov/standards/marcxml/schema/MARC21slim.xsd"
    xmlns="http://www.loc.gov/MARC21/slim">

  <leader>00560nam a22001817a 4500</leader>
  <datafield tag="999" ind1=" " ind2=" ">
    <subfield code="c">175665</subfield>
    <subfield code="d">175665</subfield>
  </datafield>
  <controlfield tag="005">20200914123425.0</controlfield>
  <datafield tag="010" ind1=" " ind2=" ">
    <subfield code="a">ENG-128428</subfield>
  </datafield>
  <datafield tag="020" ind1=" " ind2=" ">
    <subfield code="c">260.00</subfield>
    <subfield code="a">9789389604856</subfield>
  </datafield>
  <datafield tag="035" ind1=" " ind2=" ">
    <subfield code="a">EN-111960</subfield>
  </datafield>
  <datafield tag="037" ind1=" " ind2=" ">
    <subfield code="b">DBAD/PUB</subfield>
  </datafield>
  <datafield tag="082" ind1=" " ind2=" ">
    <subfield code="a">261.55</subfield>
  </datafield>
  <datafield tag="100" ind1=" " ind2=" ">
    <subfield code="a">Masilamani, V.</subfield>
  </datafield>
  <datafield tag="245" ind1=" " ind2=" ">
    <subfield code="a">A Scientific Religion/</subfield>
    <subfield code="c">by Dr. V Masilamani</subfield>
  </datafield>
  <datafield tag="260" ind1=" " ind2=" ">
    <subfield code="a">Chennai</subfield>
    <subfield code="b">BUUKS</subfield>
    <subfield code="c">2019</subfield>
  </datafield>
  <datafield tag="270" ind1=" " ind2=" ">
    <subfield code="a">JVL Plaza, 4th Floor, 501, Anna Salai Teynampet,</subfield>
    <subfield code="b">Chennai</subfield>
    <subfield code="e">600 018</subfield>
    <subfield code="k">044-4992727</subfield>
    <subfield code="m">hello@buuks.com</subfield>
  </datafield>
  <datafield tag="300" ind1=" " ind2=" ">
    <subfield code="a">xi;200p.</subfield>
    <subfield code="c">20cm(pbk)</subfield>
  </datafield>
  <datafield tag="942" ind1=" " ind2=" ">
    <subfield code="2">ddc</subfield>
    <subfield code="c">EN</subfield>
    <subfield code="h">261.55</subfield>
    <subfield code="m">MAS</subfield>
  </datafield>
  <datafield tag="952" ind1=" " ind2=" ">
    <subfield code="0">0</subfield>
    <subfield code="1">0</subfield>
    <subfield code="4">0</subfield>
    <subfield code="7">0</subfield>
    <subfield code="8">NFIC</subfield>
    <subfield code="a">AV</subfield>
    <subfield code="b">AV</subfield>
    <subfield code="d">2020-09-14</subfield>
    <subfield code="e">DBAD/PUB</subfield>
    <subfield code="g">260.00</subfield>
    <subfield code="l">2</subfield>
    <subfield code="m">1</subfield>
    <subfield code="o">261.55 MAS</subfield>
    <subfield code="p">EN-111960</subfield>
    <subfield code="r">2023-07-26 00:00:00</subfield>
    <subfield code="s">2023-06-26</subfield>
    <subfield code="v">260.00</subfield>
    <subfield code="y">EN</subfield>
  </datafield>
</record>
